Statistics for Calday- Battles

Click here to take the quiz!

General Stats

  • This quiz has been taken 29 times
  • The average score is 12 of 35

Answer Stats

groupsHintAnswer% Correct
English battlesSecond battle of 1066Hastings
95%
MiscQueen that succeeded the aboveMary
91%
Misc. battles1415Agincourt
68%
MiscFirst/shortest serving queen of EnglandLady Jane Grey
68%
WW1 battlesFirst use of tanksSomme
64%
Misc. battles1815Waterloo
64%
Misc. battles1805Trafalgar
59%
English battles1314- Robert the BruceBannockburn
50%
WW1 battlesTurkish battleGallipoli
50%
MiscLong serving PM (20 years)Sir Robert Walpole
50%
MiscFirst Prime MinisterSir Robert Walpole
50%
WW2 battles6th June, 1944D-Day
45%
WW1 battlesLargest naval battleJutland
41%
WW2 battlesWinter 1944/5Battle of the Bulge
36%
English battles1485Bosworth Field
36%
Misc. battles1863- US Civil WarGettysburg
36%
Misc. battles1346Crecy
32%
WW2 battlesOperation DynamoDunkirk
32%
MiscFirst king of EnglandAlfred the Great
27%
WW2 battlesOperation SealionBattle of Britain
23%
English battlesBattles of 1066Stamford Bridge
23%
Misc. battles1854- CrimeanBalaclava
18%
WW2 battlesJune 1942Midway
18%
WW2 battlesDec 1941Pearl Harbour
18%
Misc. battles1356Poitiers
18%
WW2 battlesWinter 1942/3Leningrad
14%
Misc. battles1879- ZuluRourke's Drift
14%
English Battles1297- William WallaceStirling Bridge
14%
English battles1461Towton
14%
WW2 battlesFeb 1945Iwo Jima
9%
WW1 battlesFirst BattleMons
9%
English battles1645Nasby
9%
WW2 battlesOperation BarbarossaNazi invasion of USSR
5%
WW1 battles1917Passchendaele
5%
MiscShortest serving PM (119 days)George Canning
0%

Score Distribution

Percentile by Number Answered

Percent of People with Each Score

Your Score History

You have not taken this quiz